OK Computer-Album (Radiohead) - Statistics

General Stats
  • This quiz has been taken 24 times
  • The average score is 10 of 12
Answer Stats
Hint Answer % Correct
1. Airbag
88%
6. Karma Police
88%
2. Paranoid Android
88%
3. Subterranean Homesick Alien
88%
9. Climbing Up The Walls
83%
4. Exit Music (For A Film)
83%
7. Fitter Happier
83%
10. No Surprises
83%
5. Let Down
79%
11. Lucky
79%
8. Electioneering
75%
12. The Tourist
71%
No matching quizzes found
Score Distribution
Percent of People with Each Score
Percentile by Number Answered
Your Score History
You have not taken this quiz